[Event "EU-ch Online 2300+ Qual"]
[Site "Chess.com INT"]
[Date "2020.05.29"]
[Round "7"]
[White "Neverov, Valeriy"]
[Black "Nalbant, Tuna Onat"]
[Result "0-1"]
[WhiteElo "2448"]
[BlackElo "2372"]
[PlyCount "94"]
[EventDate "2020.05.29"]
[EventType "swiss"]
[EventRounds "8"]
[EventCountry "NET"]
[SourceTitle "CBM 196 Extra"]
[Source "ChessBase"]
[SourceDate "2020.07.31"]
[SourceVersion "1"]
[SourceVersionDate "2020.07.31"]
[SourceQuality "1"]

1. d4 Nf6 2. Nf3 d5 3. Bf4 c5 4. e3 Nc6 5. c3 Qb6 6. Qc1 Bf5 7. Be2 h6 8. h3 e6 9. 0-0 Be7 10. Nbd2 0-0 11. Nb3 Ne4 12. Nfd2 cxd4 13. Nxe4 Bxe4 14. exd4 Rac8 15. Qe3 a5 16. Qd2 a4 17. Nc1 Na5 18. Re1 g5 19. Bg3 Bg6 20. Bd3 Nc4 21. Qc2 Qxb2 22. Bxg6 Qxa1 23. Nd3 Na3 24. Qe2 Qxc3 25. Qh5 Kg7 26. Bxf7 Rxf7 27. Rxe6 Qxd3 28. Qxh6+ Kg8 29. Be5 Bf6 30. Rxf6 Rxf6 31. Qxf6 Qb1+ 32. Kh2 Qh7 33. Qe6+ Qf7 34. Qxc8+ Kh7 35. h4 gxh4 36. Qh8+ Kg6 37. Qxh4 Qh7 38. Kg3 Qxh4+ 39. Kxh4 Nc4 40. Bf4 b5 41. Bc1 b4 42. f4 a3 43. g4 b3 44. f5+ Kf7 45. g5 bxa2 46. g6+ Kg8 47. f6 Nd6 0-1

[Event "EU-ch Online U2300 Final"]
[Site "Chess.com INT"]
[Date "2020.05.26"]
[Round "8"]
[White "Karacsonyi, Gellert"]
[Black "Nalbant, Tuna Onat"]
[Result "0-1"]
[WhiteElo "2292"]
[BlackElo "2372"]
[PlyCount "142"]
[EventDate "2020.05.26"]
[EventType "swiss"]
[EventRounds "8"]
[EventCountry "NET"]
[SourceTitle "CBM 196 Extra"]
[Source "ChessBase"]
[SourceDate "2020.07.31"]
[SourceVersion "1"]
[SourceVersionDate "2020.07.31"]
[SourceQuality "1"]

1. e4 c6 2. d4 d5 3. exd5 cxd5 4. Bd3 g6 5. c3 Bg7 6. Nf3 Nh6 7. 0-0 0-0 8. Re1 Bf5 9. Bf4 Nc6 10. Qd2 Bxd3 11. Bxh6 Bf5 12. Bxg7 Kxg7 13. Na3 Qb6 14. c4 Be4 15. Ng5 Qxd4 16. Qxd4+ Nxd4 17. Rad1 Nc2 18. Nxc2 Bxc2 19. Rxd5 Bf5 20. Nf3 Be6 21. Rd4 h6 22. b3 Rfd8 23. Kf1 a5 24. Red1 Rxd4 25. Nxd4 Bd7 26. Ke2 a4 27. b4 e5 28. Nf3 Bg4 29. h3 Be6 30. Rc1 f6 31. a3 Rc8 32. c5 Bd5 33. g3 Kf7 34. Nd2 Ke6 35. Nb1 Bb3 36. Nd2 Bd5 37. Nb1 f5 38. Rd1 Rd8 39. Ke3 g5 40. f4 gxf4+ 41. gxf4 Rg8 42. fxe5 Rg3+ 43. Kf2 Rxh3 44. b5 Rb3 45. c6 bxc6 46. bxc6 Bxc6 47. Rd6+ Kxe5 48. Rxc6 Rxb1 49. Rxh6 Rb2+ 50. Ke1 Rb3 51. Rh4 Rxa3 52. Ke2 f4 53. Rh8 Re3+ 54. Kf2 a3 55. Ra8 Kd4 56. Ra4+ Ke5 57. Ra5+ Ke4 58. Ra4+ Kf5 59. Ra8 Rb3 60. Ra7 Ke4 61. Ra4+ Kd3 62. Rxf4 a2 63. Ra4 Rb2+ 64. Kf3 Kc3 65. Ke3 Kb3 66. Ra8 Rh2 67. Rb8+ Ka3 68. Ra8+ Kb2 69. Rb8+ Kc1 70. Rc8+ Kb1 71. Rb8+ Rb2 0-1

[Event "EU-ch Online U2300 Final"]
[Site "Chess.com INT"]
[Date "2020.05.26"]
[Round "5"]
[White "Krallis, Christos"]
[Black "Nalbant, Tuna Onat"]
[Result "1/2-1/2"]
[WhiteElo "2284"]
[BlackElo "2372"]
[PlyCount "191"]
[EventDate "2020.05.26"]
[EventType "swiss"]
[EventRounds "8"]
[EventCountry "NET"]
[SourceTitle "CBM 196 Extra"]
[Source "ChessBase"]
[SourceDate "2020.07.31"]
[SourceVersion "1"]
[SourceVersionDate "2020.07.31"]
[SourceQuality "1"]

1. d4 Nf6 2. c4 g6 3. Nc3 d5 4. Qa4+ c6 5. cxd5 Nxd5 6. e4 Nxc3 7. bxc3 Bg7 8. Nf3 0-0 9. Be2 c5 10. 0-0 Nc6 11. Be3 cxd4 12. cxd4 Qa5 13. Qxa5 Nxa5 14. Rac1 Rd8 15. d5 e6 16. Bg5 f6 17. Bd2 b6 18. Bxa5 bxa5 19. Nd4 exd5 20. exd5 f5 21. Nc6 Re8 22. Bf3 Bd7 23. d6 Kf7 24. Ne7 Rab8 25. Bd5+ Be6 26. d7 Rxe7 27. Bxe6+ Kxe6 28. Rc8 Rxd7 29. Rxb8 Rd2 30. Re1+ Kf7 31. Rb7+ Kf6 32. Rxa7 Rxa2 33. Ra6+ Kg5 34. g3 Bd4 35. Rf1 Kg4 36. Kg2 a4 37. h3+ Kg5 38. Rd6 Bc5 39. Rdd1 a3 40. Ra1 Rd2 41. h4+ Kg4 42. Rac1 Bb6 43. Rc4+ Kh5 44. Ra4 Bc5 45. Ra5 Bb4 46. Ra7 h6 47. Kh3 g5 48. hxg5 hxg5 49. Kg2 Kg4 50. Ra4 Rb2 51. Rh1 f4 52. gxf4 gxf4 53. Rh7 f3+ 54. Kg1 a2 55. Rha7 Rb1+ 56. Kh2 a1Q 57. Rxb4+ Rxb4 58. Rxa1 Rb2 59. Ra4+ Kg5 60. Kg3 Rb3 61. Ra5+ Kg6 62. Kf4 Kf6 63. Ra6+ Kf7 64. Rd6 Ke7 65. Rd4 Kf6 66. Re4 Kg6 67. Re6+ Kf7 68. Re3 Rb2 69. Kxf3 Kf6 70. Kg3 Kg5 71. Ra3 Kf5 72. Ra5+ Kf6 73. f4 Rb6 74. Kg4 Kf7 75. Ra7+ Kg8 76. Kg5 Rc6 77. f5 Rc1 78. Kf6 Rc6+ 79. Kg5 Rb6 80. Rc7 Ra6 81. f6 Ra1 82. Rg7+ Kf8 83. Rb7 Rg1+ 84. Kf5 Rf1+ 85. Ke5 Re1+ 86. Kf4 Rf1+ 87. Kg5 Rg1+ 88. Kf5 Rf1+ 89. Kg6 Rg1+ 90. Kh5 Rh1+ 91. Kg4 Rg1+ 92. Kh3 Rf1 93. Rb8+ Kf7 94. Kg2 Rxf6 95. Rb7+ Kg6 96. Rb3 1/2-1/2

[Event "EU-ch Online U2300 Final"]
[Site "Chess.com INT"]
[Date "2020.05.26"]
[Round "4"]
[White "Manukyan, Sargis A"]
[Black "Nalbant, Tuna Onat"]
[Result "1/2-1/2"]
[WhiteElo "2244"]
[BlackElo "2372"]
[PlyCount "145"]
[EventDate "2020.05.26"]
[EventType "swiss"]
[EventRounds "8"]
[EventCountry "NET"]
[SourceTitle "CBM 196 Extra"]
[Source "ChessBase"]
[SourceDate "2020.07.31"]
[SourceVersion "1"]
[SourceVersionDate "2020.07.31"]
[SourceQuality "1"]

1. d4 Nf6 2. c4 g6 3. Nc3 d5 4. Bf4 Bg7 5. e3 0-0 6. Rc1 c6 7. h3 Qa5 8. Qd2 Bf5 9. Nf3 Nbd7 10. Be2 dxc4 11. Bxc4 Nb6 12. Bb3 Qa6 13. g4 Ne4 14. Qe2 Qxe2+ 15. Kxe2 Nxc3+ 16. bxc3 Be4 17. Rhg1 a5 18. Nd2 Bd5 19. c4 Be6 20. Bc7 Ra6 21. Bxb6 Rxb6 22. c5 Rb4 23. Bxe6 fxe6 24. a3 Rb5 25. Rb1 e5 26. Rxb5 cxb5 27. dxe5 Rc8 28. Ne4 Bxe5 29. Rb1 b4 30. axb4 a4 31. f4 Bg7 32. Rc1 a3 33. Rc2 Bb2 34. Nc3 Bxc3 35. Rxc3 Ra8 36. Rc1 a2 37. Ra1 Ra3 38. b5 Kf7 39. c6 bxc6 40. b6 Ke6 41. b7 Rb3 42. Rxa2 Rxb7 43. Ra8 Kf7 44. Kf3 Rb2 45. Rc8 Rc2 46. h4 c5 47. Rc6 c4 48. Rc5 c3 49. h5 gxh5 50. Rxh5 Kg7 51. Rc5 Rc1 52. g5 c2 53. Ke2 Rh1 54. Rxc2 Rh2+ 55. Kd3 Rxc2 56. Kxc2 Kg6 57. Kd3 Kf5 58. Kd4 e6 59. Kd3 e5 60. fxe5 Kxe5 61. e4 Kf4 62. Kd4 Kxg5 63. e5 h5 64. Kd5 h4 65. e6 h3 66. e7 h2 67. e8Q h1Q+ 68. Kd6 Qh2+ 69. Kd7 Qd2+ 70. Kc8 Qc3+ 71. Kd8 Qd4+ 72. Qd7 Qxd7+ 73. Kxd7 1/2-1/2

[Event "EU-ch Online U2300 Qual"]
[Site "Chess.com INT"]
[Date "2020.05.25"]
[Round "1"]
[White "Hryzlova, Sofiia"]
[Black "Nalbant, Tuna Onat"]
[Result "1/2-1/2"]
[WhiteElo "1940"]
[BlackElo "2372"]
[PlyCount "67"]
[EventDate "2020.05.25"]
[EventType "swiss"]
[EventRounds "8"]
[EventCountry "NET"]
[SourceTitle "EXT 2021"]
[Source "ChessBase"]
[SourceDate "2020.10.23"]
[SourceVersion "1"]
[SourceVersionDate "2020.10.23"]
[SourceQuality "1"]

1. c4 Nf6 2. Nc3 g6 3. e4 d6 4. d4 Bg7 5. h3 0-0 6. Be3 e5 7. d5 a5 8. g4 Na6 9. Nge2 Nb4 10. Qd2 Nd7 11. Ng3 Nc5 12. Be2 c6 13. h4 cxd5 14. cxd5 b6 15. h5 Ba6 16. Kf1 Bxe2+ 17. Ncxe2 Nbd3 18. Kg2 a4 19. Rh2 b5 20. Bh6 Qa5 21. Qe3 Nf4+ 22. Bxf4 exf4 23. Nxf4 Rfe8 24. hxg6 hxg6 25. Rah1 Qb4 26. Nxg6 fxg6 27. Rh8+ Bxh8 28. Rxh8+ Kxh8 29. Qh6+ Kg8 30. Qxg6+ Kf8 31. Qf6+ Kg8 32. Qg6+ Kh8 33. Qh6+ Kg8 34. Qg6+ 1/2-1/2

[Event "Titled Tuesday intern op 4th Febr"]
[Site "Chess.com INT"]
[Date "2020.02.04"]
[Round "9"]
[White "Nalbant, Tuna Onat"]
[Black "Ganerdene, Sugar"]
[Result "0-1"]
[WhiteElo "2372"]
[BlackElo "2427"]
[PlyCount "128"]
[EventDate "2020.02.04"]
[EventType "swiss (blitz)"]
[EventRounds "10"]
[EventCountry "USA"]
[SourceTitle "EXT 2021"]
[Source "ChessBase"]
[SourceDate "2020.10.23"]
[SourceVersion "1"]
[SourceVersionDate "2020.10.23"]
[SourceQuality "1"]

1. e4 c5 2. Nf3 d6 3. d4 cxd4 4. Nxd4 Nf6 5. Nc3 Nc6 6. Be3 e6 7. f3 Be7 8. Qd2 0-0 9. 0-0-0 d5 10. Qe1 e5 11. Nxc6 bxc6 12. exd5 cxd5 13. Bg5 Be6 14. Qxe5 Qa5 15. Qd4 Rab8 16. Bd3 Rb4 17. Qe5 Rfb8 18. b3 Qc5 19. Ne2 a5 20. Be3 Qc8 21. Bd4 a4 22. Kb1 Ne8 23. Qe3 Bf6 24. Bxf6 Nxf6 25. Nd4 Qc5 26. Rhe1 Rxd4 27. Qxd4 Qxd4 28. Bxh7+ Kxh7 29. Rxd4 axb3 30. cxb3 Ne8 31. Kc2 Nd6 32. g4 Kg6 33. a4 Nb7 34. b4 Kf6 35. h4 Nd6 36. b5 Nc4 37. Kb3 Ra8 38. Kb4 g6 39. g5+ Kf5 40. Re2 Ra7 41. f4 Kg4 42. Ra2 Kf3 43. a5 Ke3 44. Rd1 d4 45. f5 gxf5 46. g6 d3 47. g7 Ra8 48. b6 Nxb6 49. axb6 Bxa2 50. Kc5 Rb8 51. Kc6 f6 52. Kc7 Rxb6 53. Kxb6 d2 54. h5 Bg8 55. h6 Ke2 56. Ra1 d1Q 57. Rxd1 Kxd1 58. Kc5 f4 59. Kd4 Ke2 60. Ke4 f3 61. Kf5 f2 62. Kg6 f1Q 63. h7 Qg2+ 64. Kxf6 Bxh7 0-1

[Event "World ol U16"]
[Site "Corum"]
[Date "2019.11.04"]
[Round "8.11"]
[White "Lashkin, Jegor"]
[Black "Nalbant, Tuna Onat"]
[Result "1/2-1/2"]
[WhiteElo "2304"]
[BlackElo "2401"]
[PlyCount "69"]
[EventDate "2019.10.29"]
[EventType "team-swiss"]
[EventRounds "9"]
[EventCountry "TUR"]
[SourceTitle "CBM 192 Extra"]
[Source "Chessbase"]
[SourceDate "2019.11.06"]
[SourceVersion "1"]
[SourceVersionDate "2019.11.06"]
[SourceQuality "1"]
[WhiteTeam "Moldova"]
[BlackTeam "Turkey Red"]
[WhiteTeamCountry "MDA"]
[BlackTeamCountry "TUR"]

1. d4 Nf6 2. c4 g6 3. Nc3 d5 4. Nf3 Bg7 5. Qb3 dxc4 6. Qxc4 0-0 7. e4 Nc6 8. Be2 Bg4 9. d5 Na5 10. Qb4 Bxf3 11. Bxf3 c6 12. 0-0 Qb6 13. Qa4 Nd7 14. Rd1 Nc5 15. Qc2 Na6 16. Be3 c5 17. Be2 Rac8 18. Na4 Qd6 19. Qd2 Nb4 20. Nxc5 Rxc5 21. Qxb4 Rxd5 22. Qxd6 Rxd6 23. Rxd6 exd6 24. Rd1 Bxb2 25. Bxa7 Ra8 26. Be3 Ba3 27. Bf4 Nc6 28. Bb5 Kf8 29. Rb1 Bc5 30. Bc4 b6 31. Bd5 Rc8 32. Kf1 Nb4 33. Bb3 Ra8 34. Rd1 Rc8 35. Rd2 1/2-1/2

[Event "World ol U16"]
[Site "Corum"]
[Date "2019.11.01"]
[Round "5.7"]
[White "Alexakis, Dimitris"]
[Black "Nalbant, Tuna Onat"]
[Result "1-0"]
[WhiteElo "2459"]
[BlackElo "2401"]
[PlyCount "111"]
[EventDate "2019.10.29"]
[EventType "team-swiss"]
[EventRounds "9"]
[EventCountry "TUR"]
[SourceTitle "CBM 192 Extra"]
[Source "Chessbase"]
[SourceDate "2019.11.06"]
[SourceVersion "1"]
[SourceVersionDate "2019.11.06"]
[SourceQuality "1"]
[WhiteTeam "Greece"]
[BlackTeam "Turkey Red"]
[WhiteTeamCountry "GRE"]
[BlackTeamCountry "TUR"]

1. e4 c5 2. Nf3 d6 3. d4 cxd4 4. Nxd4 Nf6 5. Nc3 a6 6. Bg5 e6 7. f4 Qb6 8. a3 Nbd7 9. Be2 Be7 10. Nb3 h6 11. Bxf6 Bxf6 12. Qd2 Nc5 13. Qe3 Na4 14. Qxb6 Bxc3+ 15. bxc3 Nxb6 16. 0-0-0 Ke7 17. Rd4 a5 18. Rhd1 Rd8 19. c4 a4 20. Nc5 Ra5 21. Nd3 Rd7 22. Kd2 d5 23. Ne5 Rc7 24. cxd5 exd5 25. Rb1 Nc4+ 26. Nxc4 dxc4 27. Rxc4 Rxc4 28. Bxc4 Rc5 29. Kc3 Rc7 30. Kd4 f6 31. c3 g5 32. g3 Bd7 33. Bd5 b5 34. h4 gxf4 35. gxf4 h5 36. e5 Rc8 37. Re1 Rd8 38. exf6+ Kxf6 39. Re5 Bg4 40. Kc5 Rc8+ 41. Kb4 Bd1 42. Ba2 Bb3 43. Bxb3 axb3 44. Kxb3 Rc4 45. Rxb5 Rxf4 46. Rxh5 Kg6 47. Rg5+ Kf6 48. Rh5 Kg6 49. Rh8 Kg7 50. Ra8 Rxh4 51. a4 Rh1 52. a5 Ra1 53. a6 Kf7 54. c4 Ke7 55. a7 Kd7 56. Rh8 1-0

[Event "World ol U16"]
[Site "Corum"]
[Date "2019.10.31"]
[Round "4.5"]
[White "Nalbant, Tuna Onat"]
[Black "Gharibyan, Mamikon"]
[Result "0-1"]
[WhiteElo "2401"]
[BlackElo "2388"]
[PlyCount "115"]
[EventDate "2019.10.29"]
[EventType "team-swiss"]
[EventRounds "9"]
[EventCountry "TUR"]
[SourceTitle "CBM 192 Extra"]
[Source "Chessbase"]
[SourceDate "2019.11.06"]
[SourceVersion "1"]
[SourceVersionDate "2019.11.06"]
[SourceQuality "1"]
[WhiteTeam "Turkey Red"]
[BlackTeam "Armenia"]
[WhiteTeamCountry "TUR"]
[BlackTeamCountry "ARM"]

1. e4 e5 2. Nf3 Nc6 3. Bb5 a6 4. Ba4 d6 5. c3 g6 6. d4 Bd7 7. 0-0 Bg7 8. d5 Nce7 9. c4 b5 10. Bc2 bxc4 11. Nfd2 f5 12. f3 Nf6 13. Nc3 0-0 14. Nxc4 f4 15. Ba4 g5 16. Bxd7 Qxd7 17. Qa4 Qc8 18. h3 h5 19. Kf2 Ng6 20. Rh1 g4 21. hxg4 hxg4 22. Bd2 Qb7 23. Ke2 g3 24. Raf1 Kf7 25. Na5 Qb6 26. Nc6 Rh8 27. Qb4 Nh4 28. Qxb6 cxb6 29. Rhg1 Nd7 30. Rc1 Rhc8 31. b4 Nb8 32. b5 Ke8 33. Na4 Nd7 34. Nc3 Nc5 35. Rb1 Kd7 36. a3 Bf6 37. bxa6 Rxa6 38. Nb5 Rxc6 39. dxc6+ Kxc6 40. Rb2 Ra4 41. Nc3 Rxa3 42. Nd5 Bd8 43. Bb4 Ra8 44. Bxc5 dxc5 45. Nc3 Ra3 46. Nb5 Ra5 47. Nc3 b5 48. Rd1 Be7 49. Nd5 Bd6 50. Rh1 Nxg2 51. Rh6 c4 52. Rd2 Kc5 53. Rxd6 Ra1 54. Rb2 Kxd6 55. Rxb5 Ra2+ 56. Kf1 Nh4 57. Nc3 g2+ 58. Kg1 0-1

[Event "Titled Tuesday intern op 2nd July"]
[Site "Chess.com INT"]
[Date "2019.07.02"]
[Round "9"]
[White "Nalbant, Tuna Onat"]
[Black "Tekeyev, Zaur"]
[Result "0-1"]
[WhiteElo "2384"]
[BlackElo "2384"]
[PlyCount "130"]
[EventDate "2019.07.02"]
[EventType "swiss (blitz)"]
[EventRounds "10"]
[EventCountry "USA"]
[SourceTitle "EXT 2021"]
[Source "ChessBase"]
[SourceDate "2020.10.23"]
[SourceVersion "1"]
[SourceVersionDate "2020.10.23"]
[SourceQuality "1"]

1. e4 c5 2. Nf3 Nc6 3. d4 cxd4 4. Nxd4 e5 5. Nb5 d6 6. N1c3 a6 7. Na3 Be7 8. Nd5 Nf6 9. Nxe7 Qxe7 10. f3 0-0 11. c4 b5 12. Be3 bxc4 13. Bxc4 Be6 14. 0-0 d5 15. exd5 Rfd8 16. Bg5 Bxd5 17. Bxf6 Qc5+ 18. Kh1 Bxc4 19. Bxd8 Bxf1 20. Rc1 Qf2 21. Qxf1 Qxf1+ 22. Rxf1 Rxd8 23. Nc4 f5 24. h3 Kf7 25. Rc1 Ke6 26. Nb6 Nd4 27. Rc7 e4 28. fxe4 fxe4 29. Nc4 Nf5 30. g4 Ne7 31. Kg2 Rd3 32. Rc5 Ng6 33. Rc6+ Kd5 34. Rc7 Nf4+ 35. Kf2 Nxh3+ 36. Ke2 Nf4+ 37. Kf2 Rf3+ 38. Ke1 Ne6 39. Nb6+ Ke5 40. Re7 Rf4 41. Nc4+ Kf6 42. Ra7 Rxg4 43. Rxa6 h5 44. Ne3 Rg5 45. b4 h4 46. Ra8 Rg3 47. Kf2 Rf3+ 48. Ke2 Nf4+ 49. Kd2 Ng6 50. Nd5+ Kg5 51. Ra5 Rf5 52. Ne3 Rxa5 53. bxa5 Ne5 54. a6 Nc6 55. Nf1 Kf4 56. Ke2 g5 57. a4 g4 58. Kf2 g3+ 59. Kg2 e3 60. Nxe3 Kxe3 61. a5 Kf4 62. Kh3 Kf3 63. Kxh4 g2 64. Kg5 g1Q+ 65. Kf5 Qa7 0-1

[Event "Titled Tuesday intern op 2nd July"]
[Site "Chess.com INT"]
[Date "2019.07.02"]
[Round "8"]
[White "Plichta, Kamil"]
[Black "Nalbant, Tuna Onat"]
[Result "1/2-1/2"]
[WhiteElo "2349"]
[BlackElo "2384"]
[PlyCount "116"]
[EventDate "2019.07.02"]
[EventType "swiss (blitz)"]
[EventRounds "10"]
[EventCountry "USA"]
[SourceTitle "EXT 2021"]
[Source "ChessBase"]
[SourceDate "2020.10.23"]
[SourceVersion "1"]
[SourceVersionDate "2020.10.23"]
[SourceQuality "1"]

1. d4 Nf6 2. Bg5 g6 3. Bxf6 exf6 4. e3 d5 5. g3 Bg7 6. Bg2 0-0 7. Ne2 c6 8. 0-0 Nd7 9. b3 f5 10. c4 Nf6 11. Nbc3 Ne4 12. Qd3 Be6 13. Rac1 Qa5 14. cxd5 cxd5 15. Qb5 Qxb5 16. Nxb5 a6 17. Nc7 Rac8 18. Nf4 Rfd8 19. Nfxe6 fxe6 20. Nxe6 Re8 21. Nf4 Rcd8 22. Rc7 b5 23. Rfc1 Bh6 24. Ra7 Bxf4 25. gxf4 Ra8 26. Rxa8 Rxa8 27. Rc5 Rd8 28. Rc6 a5 29. Bxe4 dxe4 30. Rc5 Rb8 31. a3 b4 32. a4 Ra8 33. Kg2 Ra6 34. f3 exf3+ 35. Kxf3 Kf7 36. Rc7+ Ke6 37. Rxh7 Rc6 38. Ra7 Rc3 39. Ra6+ Kf7 40. Rxa5 Rxb3 41. Rb5 Rb2 42. h4 b3 43. a5 Ra2 44. Rxb3 Rxa5 45. Rb7+ Kf6 46. Rb6+ Kf7 47. h5 gxh5 48. Rh6 Ke7 49. Rxh5 Ke6 50. Rh6+ Kf7 51. Rc6 Ra3 52. Rc5 Kf6 53. Re5 Ra2 54. d5 Rd2 55. Re6+ Kf7 56. Re5 Kf6 57. Kg3 Kg6 58. Kf3 Kf6 1/2-1/2

[Event "Manisa Yunusemre"]
[Site "Manisa"]
[Date "2019.05.03"]
[Round "9.3"]
[White "Kukov, Velislav"]
[Black "Nalbant, Tuna Onat"]
[Result "1/2-1/2"]
[WhiteElo "2351"]
[BlackElo "2354"]
[PlyCount "22"]
[EventDate "2019.04.29"]
[EventType "schev"]
[EventRounds "10"]
[EventCountry "TUR"]
[SourceTitle "CBM 190 Extra"]
[Source "ChessBase"]
[SourceDate "2019.07.15"]
[SourceVersion "1"]
[SourceVersionDate "2019.07.15"]
[SourceQuality "1"]
[WhiteTeam "Blue Team"]
[BlackTeam "Turkuaz"]
[WhiteTeamCountry "TUR"]
[BlackTeamCountry "TUR"]

1. d4 d5 2. Nf3 Nf6 3. c4 c6 4. cxd5 cxd5 5. Nc3 Nc6 6. Bf4 Bf5 7. Qb3 Na5 8. Qa4+ Nc6 9. Qb3 Na5 10. Qa4+ Nc6 11. Qb3 Na5 1/2-1/2

[Event "Manisa Yunusemre"]
[Site "Manisa"]
[Date "2019.05.03"]
[Round "8.4"]
[White "Nalbant, Tuna Onat"]
[Black "Mammadova, Narmin Fazahir Qizi"]
[Result "1-0"]
[WhiteElo "2354"]
[BlackElo "2292"]
[PlyCount "93"]
[EventDate "2019.04.29"]
[EventType "schev"]
[EventRounds "10"]
[EventCountry "TUR"]
[SourceTitle "CBM 190 Extra"]
[Source "ChessBase"]
[SourceDate "2019.07.15"]
[SourceVersion "1"]
[SourceVersionDate "2019.07.15"]
[SourceQuality "1"]
[WhiteTeam "Turkuaz"]
[BlackTeam "Blue Team"]
[WhiteTeamCountry "TUR"]
[BlackTeamCountry "TUR"]

1. e4 e5 2. Nf3 Nc6 3. Bb5 a6 4. Ba4 Nf6 5. 0-0 Be7 6. Re1 b5 7. Bb3 0-0 8. c3 d6 9. h3 Na5 10. Bc2 c5 11. d4 Qc7 12. Nbd2 Bb7 13. d5 g6 14. b3 Bc8 15. Nf1 Nh5 16. Bh6 Re8 17. Ng3 Nxg3 18. fxg3 Bf8 19. Qd2 Rb8 20. Rf1 f6 21. Nh4 Bg7 22. Rf2 Rf8 23. Raf1 Bxh6 24. Qxh6 Qg7 25. Qe3 Bd7 26. Bd3 Nb7 27. g4 h6 28. Rf3 g5 29. Nf5 Bxf5 30. Rxf5 Qe7 31. Be2 Kg7 32. a4 bxa4 33. bxa4 c4 34. Bxc4 Nc5 35. a5 Qc7 36. Qf3 Nd7 37. Qe2 Ra8 38. Kh1 Qxa5 39. Qb2 Qc7 40. Bd3 Rh8 41. Rb1 Ra7 42. Rf3 Kg6 43. Ra1 a5 44. Bb5 Nc5 45. Qf2 Qe7 46. c4 Nxe4 47. Qc2 1-0

[Event "Titled Tuesday intern op 5th March"]
[Site "Chess.com INT"]
[Date "2019.03.05"]
[Round "4"]
[White "Nalbant, Tuna Onat"]
[Black "Chakkravarthy, Deepan J"]
[Result "1/2-1/2"]
[WhiteElo "2354"]
[BlackElo "2627"]
[PlyCount "73"]
[EventDate "2019.03.05"]
[EventType "swiss (blitz)"]
[EventRounds "10"]
[EventCountry "USA"]
[SourceTitle "EXT 2021"]
[Source "ChessBase"]
[SourceDate "2020.10.23"]
[SourceVersion "1"]
[SourceVersionDate "2020.10.23"]
[SourceQuality "1"]

1. e4 c6 2. d4 d5 3. Nc3 dxe4 4. Nxe4 Nd7 5. Nf3 Ngf6 6. Bd3 Nxe4 7. Bxe4 Nf6 8. Bd3 Bg4 9. c3 e6 10. h3 Bh5 11. 0-0 Bd6 12. b3 0-0 13. Bb2 Nd5 14. Re1 Nf4 15. Bf1 Qf6 16. Re3 Rad8 17. g3 Nd5 18. Rd3 Bg6 19. Rd2 Be4 20. Bg2 Qh6 21. c4 Nf6 22. Qe2 Bxf3 23. Bxf3 Qxh3 24. d5 cxd5 25. Bxf6 gxf6 26. cxd5 Be5 27. Rad1 Kh8 28. Bg4 Qh6 29. dxe6 Rxd2 30. Qxd2 Qxd2 31. Rxd2 fxe6 32. Bxe6 Re8 33. Bf5 Re7 34. Kg2 Kg7 35. Kf3 h5 36. Rd7 Rxd7 37. Bxd7 1/2-1/2

[Event "Titled Tuesday intern op 5th March"]
[Site "Chess.com INT"]
[Date "2019.03.05"]
[Round "2"]
[White "Vestby Ellingsen, Mads"]
[Black "Nalbant, Tuna Onat"]
[Result "1-0"]
[WhiteElo "2333"]
[BlackElo "2354"]
[PlyCount "73"]
[EventDate "2019.03.05"]
[EventType "swiss (blitz)"]
[EventRounds "10"]
[EventCountry "USA"]
[SourceTitle "EXT 2021"]
[Source "ChessBase"]
[SourceDate "2020.10.23"]
[SourceVersion "1"]
[SourceVersionDate "2020.10.23"]
[SourceQuality "1"]

1. d4 Nf6 2. Bg5 g6 3. Bxf6 exf6 4. e3 d5 5. g3 Bd6 6. Bg2 c6 7. Ne2 0-0 8. 0-0 Nd7 9. c4 dxc4 10. Nd2 f5 11. Nxc4 Bc7 12. b4 Nf6 13. Rb1 Be6 14. Qc2 Bd5 15. a4 Ne4 16. Rfd1 Ng5 17. Nd2 Re8 18. Nc3 Ne4 19. Ndxe4 fxe4 20. Bxe4 Bxe4 21. Nxe4 Qe7 22. Nc5 Bd6 23. Nd3 h5 24. Qe2 Qg5 25. Qf3 Re6 26. h4 Qe7 27. b5 Rf6 28. Qg2 Rc8 29. Rdc1 Ba3 30. Rc2 Qd6 31. Ne5 c5 32. Nc4 Qe6 33. Nxa3 Qf5 34. Rbc1 Qd3 35. Rc3 Qd2 36. f3 Qxg2+ 37. Kxg2 1-0

[Event "Manisa Rotary Club"]
[Site "Manisa"]
[Date "2019.02.02"]
[Round "10.3"]
[White "Nalbant, Tuna Onat"]
[Black "Sevdimaliyev, Urfan"]
[Result "1-0"]
[WhiteElo "2216"]
[BlackElo "2379"]
[PlyCount "47"]
[EventDate "2019.01.28"]
[EventType "schev"]
[EventRounds "10"]
[EventCountry "TUR"]
[SourceTitle "CBM 188 Extra"]
[Source "ChessBase"]
[SourceDate "2019.02.26"]
[SourceVersion "1"]
[SourceVersionDate "2019.02.26"]
[SourceQuality "1"]
[WhiteTeam "Turkuaz"]
[BlackTeam "Eflatun"]
[WhiteTeamCountry "TUN"]
[BlackTeamCountry "TUR"]

1. e4 c6 2. d4 d5 3. Nc3 dxe4 4. Nxe4 Nf6 5. Nxf6+ gxf6 6. g3 Bf5 7. Bg2 Nd7 8. Nf3 Qc7 9. 0-0 0-0-0 10. c4 e6 11. Nh4 Bg6 12. Be3 Bd6 13. Qa4 Kb8 14. Nxg6 hxg6 15. b4 a6 16. d5 cxd5 17. cxd5 Nb6 18. Bxb6 Qxb6 19. dxe6 fxe6 20. b5 Qxb5 21. Qe4 Rh7 22. Rab1 Qd5 23. Qxg6 Qh5 24. Rxb7+ 1-0

[Event "Manisa Rotary Club"]
[Site "Manisa"]
[Date "2019.01.31"]
[Round "7.1"]
[White "Mammadov, Ayaz Arzu"]
[Black "Nalbant, Tuna Onat"]
[Result "1/2-1/2"]
[WhiteElo "2413"]
[BlackElo "2216"]
[PlyCount "44"]
[EventDate "2019.01.28"]
[EventType "schev"]
[EventRounds "10"]
[EventCountry "TUR"]
[SourceTitle "CBM 188 Extra"]
[Source "ChessBase"]
[SourceDate "2019.02.26"]
[SourceVersion "1"]
[SourceVersionDate "2019.02.26"]
[SourceQuality "1"]
[WhiteTeam "Eflatun"]
[BlackTeam "Turkuaz"]
[WhiteTeamCountry "TUR"]
[BlackTeamCountry "TUN"]

1. d4 Nf6 2. Nf3 d5 3. Bf4 Bf5 4. e3 e6 5. Bd3 Bxd3 6. Qxd3 c6 7. 0-0 Bd6 8. Bxd6 Qxd6 9. Nbd2 Nbd7 10. e4 dxe4 11. Nxe4 Nxe4 12. Qxe4 Qd5 13. Rfe1 Qxe4 14. Rxe4 0-0 15. Ne5 Nxe5 16. Rxe5 Rfd8 17. c3 Rd5 18. Rxd5 exd5 19. Re1 Kf8 20. Kf1 Re8 21. Rxe8+ Kxe8 22. Ke2 Ke7 1/2-1/2

[Event "Manisa Rotary Club"]
[Site "Manisa"]
[Date "2019.01.31"]
[Round "6.2"]
[White "Nalbant, Tuna Onat"]
[Black "Simantsev, Mikhail"]
[Result "1-0"]
[WhiteElo "2216"]
[BlackElo "2401"]
[PlyCount "59"]
[EventDate "2019.01.28"]
[EventType "schev"]
[EventRounds "10"]
[EventCountry "TUR"]
[SourceTitle "CBM 188 Extra"]
[Source "ChessBase"]
[SourceDate "2019.02.26"]
[SourceVersion "1"]
[SourceVersionDate "2019.02.26"]
[SourceQuality "1"]
[WhiteTeam "Turkuaz"]
[BlackTeam "Eflatun"]
[WhiteTeamCountry "TUN"]
[BlackTeamCountry "TUR"]

1. e4 c5 2. Nf3 e6 3. d4 cxd4 4. Nxd4 a6 5. Bd3 Bc5 6. Nb3 Be7 7. Qg4 Bf6 8. Qe2 Nc6 9. f4 d6 10. 0-0 Nge7 11. Nc3 0-0 12. Be3 b5 13. g4 g6 14. g5 Bg7 15. Qf2 Rb8 16. Rad1 Qc7 17. Qh4 Nb4 18. Rf3 Nxd3 19. Rh3 h5 20. gxh6 Bxc3 21. h7+ Kh8 22. bxc3 f6 23. cxd3 e5 24. Rg3 Be6 25. fxe5 dxe5 26. Nc5 Rb6 27. Rf1 Bc8 28. Kh1 f5 29. Bg5 Qxc5 30. Bxe7 1-0